ბათუმის შოთა რუსთაველის სახელმწიფო უნივერსიტეტის ბიბლიოთეკა

გერმანული მოთხრობა XIX საუკუნე / (ბიბ.ჩანაწერი № 55923)

000 -ლიდერი
ფიქსირებული სიგრძის საკონტროლო ველი 01331nam a2200229Ia 4500
001 - საკონტროლო ნომერი
საკონტროლო ველი 23021
003 - საკონტროლო ნომრის იდენტიფიკატორი
საკონტროლო ველი GE_BSU
005 - ბოლო ოპერაციის თარიღი და დრო
საკონტროლო ველი 20230629145150.0
008 - ფიქსირებული სიგრძის მონაცემთა ელემენტები - ზოგადი ინფორმაცია
ფიქსირებული სიგრძის საკონტროლო ველი 181216s||||||||xx |||||||||||||| ||und||
040 ## - კატალოგიზაციის წყარო
Transcribing agency GE_BSU
041 ## - ენის კოდი
Language code of text/sound track or separate title geo
080 ## - უნივერსალური ათობითი კლასიფიკაციის ინდექსი
Universal Decimal Classification number 821.112.2-32 გ-36
245 ## - ცნობა სათაურის შესახებ
Title გერმანული მოთხრობა XIX საუკუნე /
Statement of responsibility, etc საქ. მწერალთა კავშირთან არსებული მხ. თარგმ. და ლიტ. ურთიერთობების მთ. სარედ. კოლეგია ; გერმ. თარგმნა ო. ხუციშვილმა ; [წინასიტყ. - XIX საუკუნის გერმანული ნოველა - ავტ. ნ. კაკაბაძე].
264 ## - წარმოების, გამოცემის, დისტრიბუციის და სხვა ცნობები
გამოცემის, წარმოების, დისტრიბუციის... ადგილი თბილისი :
გამოცემის, წარმოების, დისტრიბუციის... სახელწოდება განათლება,
გამოცემის, წარმოების, დისტრიბუციის... თარიღი 1984.
300 ## - ფიზიკური აღწერა
Extent 462 გვ. ;
Dimensions 21 სმ.
500 ## - ზოგადი შენიშვნა
General note პარალელური სათაური გერმანულ ენაზე
653 ## - INDEX TERM--UNCONTROLLED
Uncontrolled term გერმანული მოთხრობა XIX საუკუნე
653 ## - INDEX TERM--UNCONTROLLED
Uncontrolled term მხატვრული ლიტერატურა
700 ## - ADDED ENTRY--PERSONAL NAME
Personal name ხუციშვილი, ო.
Relator term მთარგმნელი
9 (RLIN) 19075
942 ## - ADDED ENTRY ELEMENTS (KOHA)
Koha item type წიგნი
Source of classification or shelving scheme
ეგზემპლარები
ჩამოწერის სტატუსი დაკარგული ეგზემპლარის სტატუსი კლასიფიკაციის წყარო ან თაროზე გაწყობის სქემა დაზიანების სტატუსი არ გაიცემა მუდმივი მდებარეობა (დაცვის ადგილი) ამჟამინდელი ადგილსამყოფელი თაროზე განთავსების ადგილი შეძენის თარიღი ღირებულება, შესყიდვის ნორმალური ფასი სრული შენახვის შიფრი შტრიხკოდი ბოლო ოპერაციის თარიღი ეგზემპლარის მიმდევრობითი ნომერი (კეტერი?) ფასის ძალაში შესვლის თარიღი ეგზემპლარის სახეობა საჯარო შენიშვნა
          ბათუმის შოთა რუსთაველის სახელმწიფო უნივერსიტეტის მთავარი ბიბლიოთეკა ბათუმის შოთა რუსთაველის სახელმწიფო უნივერსიტეტის მთავარი ბიბლიოთეკა წიგნსაცავი 2018-12-17 4.00 821.112.2-32 გ-36 58465 2018-12-17 58465 2018-12-17 წიგნი 4.00 ₾.
          ბათუმის შოთა რუსთაველის სახელმწიფო უნივერსიტეტის მთავარი ბიბლიოთეკა ბათუმის შოთა რუსთაველის სახელმწიფო უნივერსიტეტის მთავარი ბიბლიოთეკა წიგნსაცავი 2018-12-17 13.55 821.112.2-32 გ-36 00274 ქსეროქსი 2018-12-17 002474 ქსეროქსი 2018-12-17 წიგნი 13.55 ₾.
          ბათუმის შოთა რუსთაველის სახელმწიფო უნივერსიტეტის მთავარი ბიბლიოთეკა ბათუმის შოთა რუსთაველის სახელმწიფო უნივერსიტეტის მთავარი ბიბლიოთეკა წიგნსაცავი 2018-12-17 13.55 821.112.2-32 გ-36 00273 ქსეროქსი 2018-12-17 00273 ქსეროქსი 2018-12-17 წიგნი 13.55 ₾.
          ბათუმის შოთა რუსთაველის სახელმწიფო უნივერსიტეტის მთავარი ბიბლიოთეკა ბათუმის შოთა რუსთაველის სახელმწიფო უნივერსიტეტის მთავარი ბიბლიოთეკა წიგნსაცავი 2018-12-17 13.55 821.112.2-32 გ-36 00275 ქსეროქსი 2018-12-17 00275 ქსეროქსი 2018-12-17 წიგნი 13.55 ₾.